000 00569nab#a2200205#c#4500
999 _c122184
_d122184
003 IEF
005 20191210184737.0
008 950704s1975 uuu|| #####0 b| |u
040 _aIEF
_cES-MaIEF
100 1 _aFreeman, A. Myrick
_916563
245 _aLa distribución de la calidad del medio ambiente
_c A. Mirick Freeman
260 _c1975
500 _aResumen,Bibliografía
650 4 _aECOLOGIA
_942911
650 4 _aMEDIO AMBIENTE
_947492
773 0 _tHacienda Pública Española
_w34570
_g37, p. 192-203
942 _2udc
942 _2udc